[Event "19. Torneo San Viator"]
[Site "Madrid ESP"]
[Date "2012.10.21"]
[Round "5.22"]
[White "Gonzalez Reyes, Felix"]
[Black "Castro Uceda, Jose Antonio"]
[Result "1-0"]
[WhiteElo "1728"]
[BlackElo "1657"]
[PlyCount "85"]
[EventDate "2012.09.23"]
[EventType "swiss"]
[EventRounds "9"]
[EventCountry "ESP"]
[Source "lmi"]
[SourceDate "2012.09.23"]

1. Nf3 Nf6 2. g3 d5 3. Bg2 e6 4. d4 c5 5. c3 Nc6 6. O-O Qc7 7. Bg5 Be7 8. Nbd2
c4 9. b4 a6 10. a4 O-O 11. Re1 h6 12. Bf4 Bd6 13. Bxd6 Qxd6 14. e4 dxe4 15.
Nxe4 Nxe4 16. Rxe4 Bd7 17. Ne5 b5 18. Nxd7 Qxd7 19. a5 Rad8 20. f4 Ne7 21. Qf3
Nd5 22. Rae1 Nf6 23. Re5 Nd5 24. f5 exf5 25. Rxd5 Qxd5 26. Qxd5 Rxd5 27. Bxd5
Rd8 28. Bb7 Rd6 29. Re5 g6 30. Kf2 Kg7 31. Kf3 Kf6 32. h3 g5 33. Bc8 f4 34.
gxf4 gxf4 35. Kxf4 Kg6 36. h4 Rf6+ 37. Rf5 Rc6 38. h5+ Kg7 39. Bb7 Rd6 40. Ke5
Re6+ 41. Kd5 Re3 42. Bxa6 Rxc3 43. Bxb5 1-0

[Event "19. Torneo San Viator"]
[Site "Madrid ESP"]
[Date "2012.10.21"]
[Round "5.23"]
[White "Pindado Del Carmen, Eliseo"]
[Black "Perez Fajardo, Daniel"]
[Result "1-0"]
[WhiteElo "1556"]
[BlackElo "1580"]
[PlyCount "83"]
[EventDate "2012.09.23"]
[EventType "swiss"]
[EventRounds "9"]
[EventCountry "ESP"]
[Source "lmi"]
[SourceDate "2012.09.23"]

1. e4 c6 2. d4 d5 3. f3 e6 4. Bf4 dxe4 5. Qd2 Be7 6. fxe4 Nf6 7. Nc3 Nbd7 8.
Nf3 b5 9. Bd3 Bb7 10. O-O a6 11. e5 Nd5 12. Nxd5 cxd5 13. c3 Nf8 14. Bg5 h6 15.
Bxe7 Qxe7 16. Qf4 f5 17. exf6 Qxf6 18. Ne5 Qxf4 19. Rxf4 O-O-O 20. Nf7 e5 21.
dxe5 Ne6 22. Rff1 Rhe8 23. Nxd8 Kxd8 24. Rf7 Bc6 25. Bg6 Re7 26. Rxe7 Kxe7 27.
Rf1 a5 28. Rf7+ Kd8 29. Ra7 a4 30. Bf5 Nc7 31. h4 g5 32. hxg5 hxg5 33. g3 b4
34. cxb4 Nb5 35. Rg7 Nd4 36. Bg4 Nc2 37. a3 Ne3 38. Be2 g4 39. b5 Bd7 40. b6
Nf5 41. Rg8+ Ke7 42. b7 1-0

[Event "19. Torneo San Viator"]
[Site "Madrid ESP"]
[Date "2012.10.21"]
[Round "5.25"]
[White "Martin Rodriguez, Jose L"]
[Black "Cazorla Munoz, Francisco"]
[Result "0-1"]
[WhiteElo "1431"]
[BlackElo "1764"]
[PlyCount "60"]
[EventDate "2012.09.23"]
[EventType "swiss"]
[EventRounds "9"]
[EventCountry "ESP"]
[Source "lmi"]
[SourceDate "2012.09.23"]

1. e4 e5 2. Nf3 Nf6 3. Nxe5 d6 4. Nf3 Nxe4 5. d3 Nf6 6. Bg5 Be7 7. Qe2 O-O 8.
Nbd2 Re8 9. Qd1 Nd5 10. Bxe7 Rxe7+ 11. Be2 Nf4 12. Kf1 Nxe2 13. Ne4 Nf4 14. Qd2
Ng6 15. Re1 Nc6 16. h4 d5 17. Ng3 Rxe1+ 18. Kxe1 Qe7+ 19. Kd1 Bg4 20. h5 Nge5
21. Re1 Qf6 22. Qe3 h6 23. Kc1 Bxf3 24. Rg1 Bg4 25. f4 Nd7 26. Rf1 Qd4 27. Qd2
Re8 28. Re1 Rxe1+ 29. Qxe1 Qxf4+ 30. Kb1 Nf6 0-1

[Event "19. Torneo San Viator"]
[Site "Madrid ESP"]
[Date "2012.10.21"]
[Round "5.30"]
[White "Cortijo Manso, Luis"]
[Black "Jimenez Perez, Federico"]
[Result "1-0"]
[WhiteElo "1534"]
[BlackElo "1280"]
[PlyCount "106"]
[EventDate "2012.09.23"]
[EventType "swiss"]
[EventRounds "9"]
[EventCountry "ESP"]
[Source "lmi"]
[SourceDate "2012.09.23"]

1. d4 d5 2. Nf3 e6 3. g3 Nf6 4. Bg2 Nc6 5. O-O Be7 6. Nbd2 b6 7. c4 Bb7 8. cxd5
exd5 9. a3 a5 10. Qc2 O-O 11. Re1 Re8 12. Nf1 Ne4 13. Ne3 Bf6 14. Rd1 a4 15.
Ng4 h6 16. Nxf6+ Qxf6 17. e3 Rad8 18. Qxa4 g5 19. Qc2 h5 20. b4 Rd7 21. b5 Na5
22. Rf1 Nc4 23. Nd2 Nexd2 24. Bxd2 g4 25. a4 h4 26. a5 h3 27. Bh1 bxa5 28. Bxa5
c5 29. bxc6 Bxc6 30. Bb4 Rb7 31. Bc5 Rb2 32. Qd1 Bb5 33. Qxg4+ Qg6 34. Qxg6+
fxg6 35. Bxd5+ Kh7 36. Ra7+ Kh6 37. Bxc4 Bxc4 38. Rc1 Reb8 39. Raa1 Bd5 40. Re1
R8b7 41. e4 Bc4 42. d5 Rf7 43. Be3+ Kh5 44. Ra8 Kg4 45. Rg8 Kh5 46. Rh8+ Kg4
47. Rh4+ Kf3 48. Bd4 Be2 49. Bxb2 g5 50. Rxh3 Bd3 51. e5 Rb7 52. Ba1 Rb1 53.
Rxb1 Bxb1 1-0

[Event "19. Torneo San Viator"]
[Site "Madrid ESP"]
[Date "2012.10.28"]
[Round "6.1"]
[White "Bote Alvarez-Carrasco, Valentin"]
[Black "Cano Cabanillas, Javier"]
[Result "1/2-1/2"]
[WhiteElo "2130"]
[BlackElo "2027"]
[PlyCount "64"]
[EventDate "2012.09.23"]
[EventType "swiss"]
[EventRounds "9"]
[EventCountry "ESP"]
[Source "lmi"]
[SourceDate "2012.09.23"]

1. c4 Nf6 2. Nc3 d5 3. cxd5 Nxd5 4. Nf3 g6 5. Qa4+ Nc6 6. Ne5 Qd6 7. Nxc6 Qxc6
8. Qxc6+ bxc6 9. g3 Bg7 10. Bg2 Be6 11. b3 O-O-O 12. Bb2 Nxc3 13. Bxc3 Bxc3 14.
dxc3 Rd6 15. Rd1 Rhd8 16. Rxd6 Rxd6 17. h4 c5 18. h5 Ra6 19. hxg6 hxg6 20. Rh4
c6 21. Rh8+ Kd7 22. Rb8 Rxa2 23. Be4 Kc7 24. Re8 Kd7 25. Rb8 Kc7 26. Re8 Bxb3
27. Rxe7+ Kd6 28. Rb7 Bc4 29. Bd3 Be6 30. Kd1 Bd5 31. f4 Ra1+ 32. Kd2 Ra2+
1/2-1/2

[Event "19. Torneo San Viator"]
[Site "Madrid ESP"]
[Date "2012.10.28"]
[Round "6.2"]
[White "Lianes Garcia, Marcos"]
[Black "Rivera Leon, Mauro Arturo"]
[Result "1/2-1/2"]
[WhiteElo "1627"]
[BlackElo "2105"]
[PlyCount "79"]
[EventDate "2012.09.23"]
[EventType "swiss"]
[EventRounds "9"]
[EventCountry "ESP"]
[Source "lmi"]
[SourceDate "2012.09.23"]

1. e4 e5 2. Nf3 Nc6 3. Bb5 a6 4. Ba4 Nf6 5. O-O Be7 6. Re1 b5 7. Bb3 d6 8. a3
Na5 9. c3 Nxb3 10. Qxb3 c5 11. a4 Bd7 12. axb5 axb5 13. Rxa8 Qxa8 14. d3 O-O
15. Be3 Bc6 16. Nbd2 Rb8 17. Qc2 Qa2 18. d4 Nd7 19. dxc5 dxc5 20. Rb1 Ra8 21.
Qd1 Qa4 22. b3 Qa5 23. Qc2 Qc7 24. c4 b4 25. Qb2 f6 26. Ne1 Nf8 27. Nd3 Ne6 28.
Ra1 Ra5 29. Ra2 Qa7 30. Nxb4 Rxa2 31. Qxa2 Qxa2 32. Nxa2 Bd8 33. f3 Ba5 34. Nb1
Nd4 35. Bxd4 cxd4 36. Nc1 Kf7 37. Nd3 Bb6 38. Kf1 Ke7 39. Ke2 Kd6 40. Na3
1/2-1/2

[Event "19. Torneo San Viator"]
[Site "Madrid ESP"]
[Date "2012.10.28"]
[Round "6.3"]
[White "Lopez De Turiso, Jose Angel"]
[Black "Garcia-Ruiz Fuentes, Angel M"]
[Result "1-0"]
[WhiteElo "2046"]
[BlackElo "1943"]
[PlyCount "77"]
[EventDate "2012.09.23"]
[EventType "swiss"]
[EventRounds "9"]
[EventCountry "ESP"]
[Source "lmi"]
[SourceDate "2012.09.23"]

1. e4 c5 2. c3 d5 3. exd5 Qxd5 4. d4 g6 5. dxc5 Qxc5 6. Be3 Qc7 7. Na3 a6 8.
Nc4 Nd7 9. a4 Bg7 10. a5 Ngf6 11. Nf3 O-O 12. Nb6 Nxb6 13. Bxb6 Qd7 14. Qxd7
Bxd7 15. Ne5 Be6 16. Bc4 Bxc4 17. Nxc4 Rac8 18. Ra4 Nd5 19. Be3 Rc6 20. Kd2
Rfc8 21. Nb6 Rd8 22. Nxd5 Rxd5+ 23. Kc2 Rcd6 24. Rha1 Rd7 25. Rb4 e6 26. Raa4
Bf8 27. Rc4 Be7 28. Rc8+ Kg7 29. Rd4 Rxd4 30. Bxd4+ f6 31. Bb6 Kf7 32. b4 Bd6
33. h3 e5 34. Kb3 f5 35. c4 Be7 36. b5 axb5 37. cxb5 Rd5 38. Kc4 Rd1 39. Rc7
1-0

[Event "19. Torneo San Viator"]
[Site "Madrid ESP"]
[Date "2012.10.28"]
[Round "6.4"]
[White "Sanchez Lopez, Maria"]
[Black "Morona Minguez, Irene"]
[Result "1-0"]
[WhiteElo "1873"]
[BlackElo "1952"]
[PlyCount "93"]
[EventDate "2012.09.23"]
[EventType "swiss"]
[EventRounds "9"]
[EventCountry "ESP"]
[Source "lmi"]
[SourceDate "2012.09.23"]

1. d4 Nf6 2. c4 g6 3. Nc3 Bg7 4. e4 d6 5. Nf3 O-O 6. Be2 e5 7. O-O Nc6 8. d5
Ne7 9. Ne1 Nd7 10. f3 f5 11. g4 f4 12. h4 Kh8 13. Rf2 Ng8 14. Rh2 Bf6 15. Ng2
h5 16. g5 Be7 17. Bd2 Rf7 18. Be1 Nf8 19. Rc1 Nh7 20. b4 Nxg5 21. hxg5 Bxg5 22.
Bf2 Rh7 23. Nh4 Qf6 24. c5 Bh6 25. cxd6 cxd6 26. Nb5 g5 27. Nc7 Rb8 28. Bxa7
gxh4 29. Bxb8 Rg7+ 30. Kh1 Qd8 31. Nb5 Bd7 32. Bxd6 Qf6 33. Bc5 h3 34. Qd2 Rg2
35. Rg1 Bxb5 36. Rhxg2 hxg2+ 37. Rxg2 Bd7 38. Qe1 b6 39. Bf2 Ne7 40. Bh4 Qf7
41. Qg1 Kh7 42. d6 Ng6 43. Bc4 Qxc4 44. Rxg6 Be8 45. Rf6 Bg7 46. Rf5 Bg6 47. d7
1-0

[Event "19. Torneo San Viator"]
[Site "Madrid ESP"]
[Date "2012.10.28"]
[Round "6.5"]
[White "Sierra Soria, Maria"]
[Black "Camara Cozar, David"]
[Result "1-0"]
[WhiteElo "1795"]
[BlackElo "2077"]
[PlyCount "59"]
[EventDate "2012.09.23"]
[EventType "swiss"]
[EventRounds "9"]
[EventCountry "ESP"]
[Source "lmi"]
[SourceDate "2012.09.23"]

1. e4 e5 2. Nf3 Nc6 3. Bb5 a6 4. Ba4 Nf6 5. O-O Nxe4 6. d4 b5 7. Bb3 d5 8. dxe5
Be6 9. c3 Bc5 10. Nbd2 O-O 11. Bc2 Nxf2 12. Rxf2 f6 13. exf6 Bxf2+ 14. Kxf2
Qxf6 15. Kg1 Bg4 16. Qe2 g6 17. Bb3 Ne7 18. Qe5 Qb6+ 19. Nd4 Rae8 20. h3 Bc8
21. Ne4 Bb7 22. Bh6 Nf5 23. Bxd5+ Bxd5 24. Qxd5+ Rf7 25. Rf1 Nxh6 26. Nf6+ Kg7
27. Nxe8+ Kf8 28. Qd8 Rxf1+ 29. Kxf1 Nf7 30. Qxc7 1-0

[Event "19. Torneo San Viator"]
[Site "Madrid ESP"]
[Date "2012.10.28"]
[Round "6.6"]
[White "Plazuelo Pascual, Juan"]
[Black "Cabanas Bravo, Juan Andres"]
[Result "1-0"]
[WhiteElo "1721"]
[BlackElo "2070"]
[PlyCount "63"]
[EventDate "2012.09.23"]
[EventType "swiss"]
[EventRounds "9"]
[EventCountry "ESP"]
[Source "lmi"]
[SourceDate "2012.09.23"]

1. e4 d5 2. exd5 Nf6 3. d4 Bg4 4. f3 Bf5 5. Bb5+ Nbd7 6. c4 a6 7. Bxd7+ Qxd7 8.
Ne2 e6 9. dxe6 Qxe6 10. b3 O-O-O 11. O-O Bc5 12. Kh1 Bxb1 13. Rxb1 Rhe8 14. Rb2
Ba3 15. Rd2 Bb4 16. Rc2 Qf5 17. Bb2 h5 18. a3 Be7 19. b4 h4 20. h3 c5 21. bxc5
Bxc5 22. Rd2 Nh5 23. Kg1 Ba7 24. Qc2 Qf6 25. c5 Rd5 26. Nc3 Rxc5 27. dxc5 Bxc5+
28. Rdf2 Bxf2+ 29. Qxf2 g5 30. Rd1 Kb8 31. Nb5 Re1+ 32. Rxe1 1-0

[Event "19. Torneo San Viator"]
[Site "Madrid ESP"]
[Date "2012.10.28"]
[Round "6.7"]
[White "Rodriguez Sanchez, Roberto"]
[Black "Gomez Dorado, Ernesto"]
[Result "1-0"]
[WhiteElo "1953"]
[BlackElo "1768"]
[PlyCount "117"]
[EventDate "2012.09.23"]
[EventType "swiss"]
[EventRounds "9"]
[EventCountry "ESP"]
[Source "lmi"]
[SourceDate "2012.09.23"]

1. e4 c5 2. Nf3 d6 3. d4 cxd4 4. Nxd4 Nf6 5. Nc3 a6 6. Bd3 Qb6 7. O-O Bg4 8.
Nde2 Nc6 9. Be3 Qc7 10. f3 Bd7 11. Qe1 e6 12. g4 h6 13. Qf2 b5 14. Rad1 Be7 15.
Ng3 Ne5 16. h3 Rc8 17. f4 Nxd3 18. cxd3 b4 19. Nce2 Qb7 20. g5 Nh7 21. h4 Bb5
22. Nd4 Kd7 23. f5 e5 24. Nxb5 Qxb5 25. f6 gxf6 26. Qf5+ Kd8 27. Rc1 Rxc1 28.
Rxc1 Ke8 29. Rc8+ Bd8 30. g6 Qd7 31. gxf7+ Ke7 32. Ra8 Qxf5 33. Nxf5+ Kxf7 34.
Ra7+ Kg6 35. Rg7+ Kh5 36. Kh2 Ng5 37. hxg5 fxg5 38. Kh3 g4+ 39. Rxg4 Bg5 40.
Kg3 Rc8 41. Kf3 Rc2 42. Bxg5 hxg5 43. Rg2 g4+ 44. Kg3 Rc8 45. Rd2 Rc6 46. Ne3
a5 47. Nxg4 a4 48. Ne3 b3 49. a3 Kg5 50. Kf3 Rc8 51. Nc4 Rf8+ 52. Ke2 Rh8 53.
Rd1 Rh2+ 54. Ke3 Rh3+ 55. Kd2 Kf4 56. Kc3 d5 57. exd5 e4 58. d6 e3 59. Rf1+ 1-0

[Event "19. Torneo San Viator"]
[Site "Madrid ESP"]
[Date "2012.10.28"]
[Round "6.8"]
[White "Hernandez Mateo, Borja"]
[Black "Padin Lazaro, Jose Manuel"]
[Result "1/2-1/2"]
[WhiteElo "1719"]
[BlackElo "1806"]
[PlyCount "42"]
[EventDate "2012.09.23"]
[EventType "swiss"]
[EventRounds "9"]
[EventCountry "ESP"]
[Source "lmi"]
[SourceDate "2012.09.23"]

1. e4 e6 2. d3 d5 3. Nd2 c5 4. Ngf3 Nc6 5. g3 g6 6. Bg2 Bg7 7. O-O Nge7 8. Re1
h6 9. c3 b6 10. exd5 Nxd5 11. d4 cxd4 12. cxd4 O-O 13. Nc4 Bb7 14. Ne3 Nce7 15.
Ng4 Nf5 16. Nge5 Rc8 17. Bd2 Qd6 18. Qa4 a6 19. Rad1 b5 20. Qb3 Rfd8 21. Ba5
Re8 1/2-1/2

[Event "19. Torneo San Viator"]
[Site "Madrid ESP"]
[Date "2012.10.28"]
[Round "6.9"]
[White "Barahona Torrijos, Angel"]
[Black "Zhynguel Ramirez De Verger, Ale"]
[Result "1-0"]
[WhiteElo "1893"]
[BlackElo "1704"]
[PlyCount "57"]
[EventDate "2012.09.23"]
[EventType "swiss"]
[EventRounds "9"]
[EventCountry "ESP"]
[Source "lmi"]
[SourceDate "2012.09.23"]

1. e4 c5 2. a3 g6 3. b4 Bg7 4. Nc3 d6 5. Bb2 Nf6 6. bxc5 Nxe4 7. Nxe4 Bxb2 8.
Rb1 Bxa3 9. Qf3 Bxc5 10. Nxc5 dxc5 11. Bb5+ Nd7 12. h4 a6 13. Qc3 O-O 14. Bxd7
Qxd7 15. h5 Qd4 16. Qb3 Rd8 17. Nf3 Qe4+ 18. Kf1 b5 19. Qxf7+ Kxf7 20. Ng5+ Kg7
21. h6+ Kg8 22. Nxe4 Bf5 23. Re1 Bxe4 24. Rxe4 Rxd2 25. Rh3 Rxc2 26. Rxe7 Rd8
27. Kg1 b4 28. Rf3 Rf8 29. Rg7+ 1-0

[Event "19. Torneo San Viator"]
[Site "Madrid ESP"]
[Date "2012.10.28"]
[Round "6.10"]
[White "Garcia Otero, Pedro"]
[Black "Pindado Campos, Raul"]
[Result "0-1"]
[WhiteElo "1733"]
[BlackElo "1928"]
[PlyCount "54"]
[EventDate "2012.09.23"]
[EventType "swiss"]
[EventRounds "9"]
[EventCountry "ESP"]
[Source "lmi"]
[SourceDate "2012.09.23"]

1. d4 Nf6 2. Nf3 b6 3. Bf4 Bb7 4. c4 e6 5. h3 Bb4+ 6. Nc3 O-O 7. e3 d5 8. Be2
Ne4 9. Qc2 Nxc3 10. bxc3 Bd6 11. Bxd6 cxd6 12. cxd5 Bxd5 13. c4 Bb7 14. O-O Nd7
15. Rab1 f5 16. Qb3 Kh8 17. Qb4 Qe7 18. Ne5 Nxe5 19. dxe5 Qg5 20. g3 dxe5 21.
c5 f4 22. exf4 exf4 23. g4 f3 24. Bc4 Qh4 25. Kh2 Rf4 26. Rg1 Qxf2+ 27. Kh1 Qd4
0-1

[Event "19. Torneo San Viator"]
[Site "Madrid ESP"]
[Date "2012.10.28"]
[Round "6.11"]
[White "Soto Martin, Pablo"]
[Black "Garcia Sanjuan, Jose"]
[Result "0-1"]
[WhiteElo "1695"]
[BlackElo "1905"]
[PlyCount "182"]
[EventDate "2012.09.23"]
[EventType "swiss"]
[EventRounds "9"]
[EventCountry "ESP"]
[Source "lmi"]
[SourceDate "2012.09.23"]

1. e4 g6 2. d4 Bg7 3. Be3 c5 4. Ne2 Qb6 5. b3 Nc6 6. c3 d6 7. g3 Bg4 8. dxc5
dxc5 9. Bg2 Rd8 10. Qc2 Bxe2 11. Qxe2 Nb4 12. O-O Nc6 13. Qc4 Nf6 14. Bxc5 Qa5
15. Be3 Ng4 16. Bf4 O-O 17. h3 Nge5 18. Qe2 Nd3 19. Bd2 Rd7 20. c4 Qa6 21. Bc3
Rfd8 22. Bxg7 Kxg7 23. Nc3 e6 24. Rfd1 Qa5 25. Na4 Qe5 26. Bf1 Qf6 27. Qc2 Nxf2
28. Rxd7 Rxd7 29. Re1 Nd3 30. Bxd3 Qd4+ 31. Kg2 Qxd3 32. Qxd3 Rxd3 33. Re2 b6
34. Nb2 Rd4 35. Kf3 e5 36. Ke3 f5 37. exf5 gxf5 38. Kf3 Kf6 39. Rc2 Nb4 40. Rc1
Nxa2 41. Ra1 Nc3 42. Rxa7 Rd2 43. Na4 e4+ 44. Kf4 Rf2+ 45. Ke3 Rf3+ 46. Kd2
Nxa4 47. bxa4 Rxg3 48. Rb7 Ke5 49. Rxb6 Kf4 50. Rf6 e3+ 51. Ke2 Rg2+ 52. Ke1
Rh2 53. a5 Kf3 54. a6 Ke4 55. Re6+ Kd3 56. Rd6+ Kxc4 57. Rf6 Kd4 58. a7 Ra2 59.
Rxf5 Rxa7 60. Ke2 Ra2+ 61. Kf1 Kd3 62. Rf8 Ra1+ 63. Kg2 e2 64. Rd8+ Kc4 65.
Rc8+ Kd5 66. Rd8+ Kc6 67. Re8 e1=Q 68. Rxe1 Rxe1 69. h4 Kd7 70. Kg3 Ke7 71. Kg4
Kf7 72. Kg5 Kg7 73. Kh5 Rh1 74. Kg4 Rg1+ 75. Kh5 Kf6 76. Kh6 Rg8 77. Kxh7 Rg4
78. h5 Kg5 79. h6 Rh4 80. Kh8 Rxh6+ 81. Kg8 Ra6 82. Kf7 Kf5 83. Ke7 Rh6 84. Kd7
Ke5 85. Kc7 Kd5 86. Kb7 Kc5 87. Ka7 Kb5 88. Ka8 Rh7 89. Kb8 Kc6 90. Ka8 Kb6 91.
Kb8 Rh8# 0-1

[Event "19. Torneo San Viator"]
[Site "Madrid ESP"]
[Date "2012.10.28"]
[Round "6.12"]
[White "Sahuquillo Cruz, Alejandro"]
[Black "Fernandez Aragoneses, Pedro"]
[Result "1-0"]
[WhiteElo "1730"]
[BlackElo "1848"]
[PlyCount "49"]
[EventDate "2012.09.23"]
[EventType "swiss"]
[EventRounds "9"]
[EventCountry "ESP"]
[Source "lmi"]
[SourceDate "2012.09.23"]

1. e4 c5 2. Nf3 e6 3. d4 cxd4 4. Nxd4 Nf6 5. Bd3 Nc6 6. Be3 d5 7. exd5 exd5 8.
h3 Bd6 9. O-O O-O 10. Nc3 a6 11. Nce2 Qc7 12. c3 Ne5 13. Bc2 Nc4 14. Bc1 Re8
15. b3 Nb6 16. Bg5 Ne4 17. Bxe4 dxe4 18. c4 Be5 19. Qc2 Bd7 20. Rad1 Rac8 21.
Nc3 Bc6 22. Kh1 Bxd4 23. Rxd4 Qe5 24. Qe2 Rcd8 25. Rxd8 1-0

[Event "19. Torneo San Viator"]
[Site "Madrid ESP"]
[Date "2012.10.28"]
[Round "6.13"]
[White "Soto Martin, Miguel"]
[Black "Ore Leon, Gustavo"]
[Result "0-1"]
[WhiteElo "1493"]
[BlackElo "1812"]
[PlyCount "72"]
[EventDate "2012.09.23"]
[EventType "swiss"]
[EventRounds "9"]
[EventCountry "ESP"]
[Source "lmi"]
[SourceDate "2012.09.23"]

1. d4 Nf6 2. Nf3 d5 3. c4 c6 4. Nbd2 e6 5. e3 Nbd7 6. Bd3 Be7 7. O-O O-O 8. b3
a6 9. Bb2 dxc4 10. Nxc4 c5 11. Rc1 b5 12. Nce5 Bb7 13. Nxd7 Qxd7 14. Ne5 Qd5
15. Nf3 Rfd8 16. Qe2 cxd4 17. exd4 Rac8 18. Rfd1 Bd6 19. Re1 Qh5 20. Ne5 Qxe2
21. Bxe2 Bd5 22. Bf3 Bxf3 23. Nxf3 Nd5 24. Ne5 Nb4 25. a3 Bxe5 26. axb4 Bf6 27.
Ra1 Rc2 28. Rab1 g6 29. Rec1 Rdc8 30. Rd1 Re2 31. Kf1 Rcc2 32. Ba1 Rxf2+ 33.
Kg1 Rxg2+ 34. Kf1 Rxh2 35. Kg1 Bg5 36. d5 Be3+ 0-1

[Event "19. Torneo San Viator"]
[Site "Madrid ESP"]
[Date "2012.10.28"]
[Round "6.14"]
[White "Navarro Gonzalez, Jaime"]
[Black "Rodriguez Sebastian, Roberto"]
[Result "1/2-1/2"]
[WhiteElo "1769"]
[BlackElo "1650"]
[PlyCount "95"]
[EventDate "2012.09.23"]
[EventType "swiss"]
[EventRounds "9"]
[EventCountry "ESP"]
[Source "lmi"]
[SourceDate "2012.09.23"]

1. e4 d6 2. d4 Nf6 3. Bd3 e5 4. dxe5 dxe5 5. Nf3 Bg4 6. Bg5 Nbd7 7. Nbd2 Bc5 8.
O-O O-O 9. c3 c6 10. b4 Bb6 11. Qc2 Qc7 12. a4 a5 13. Be2 Rac8 14. Nc4 axb4 15.
Nxb6 Qxb6 16. cxb4 Qxb4 17. Bxf6 Nxf6 18. Rfb1 Qxe4 19. Qxe4 Nxe4 20. Rxb7 Nc5
21. Re7 e4 22. Nd4 Bxe2 23. Nxe2 Rfe8 24. Rxe8+ Rxe8 25. Nd4 Ra8 26. a5 Ra6 27.
Kf1 Kf8 28. Rc1 Rxa5 29. Nxc6 Nb3 30. Rd1 Ra1 31. Rxa1 Nxa1 32. Nd4 g6 33. Ke2
Ke7 34. Kd2 Kd6 35. Kc3 Ke5 36. Ne2 f5 37. Kb2 f4 38. Kxa1 f3 39. gxf3 exf3 40.
Ng1 Ke4 41. Kb2 Kd3 42. Nxf3 Ke2 43. Ng5 h6 44. Nh3 Kf3 45. Kc3 g5 46. Kd4 g4
47. Ng5+ hxg5 48. Ke5 1/2-1/2

[Event "19. Torneo San Viator"]
[Site "Madrid ESP"]
[Date "2012.10.28"]
[Round "6.15"]
[White "Al-Zarif Zabala, Bassam"]
[Black "Herreros Lucas, Jose L"]
[Result "1-0"]
[WhiteElo "1768"]
[BlackElo "1588"]
[PlyCount "45"]
[EventDate "2012.09.23"]
[EventType "swiss"]
[EventRounds "9"]
[EventCountry "ESP"]
[Source "lmi"]
[SourceDate "2012.09.23"]

1. e4 c6 2. d4 d5 3. e5 Bf5 4. h4 h6 5. Nf3 e6 6. Be2 c5 7. c3 Nc6 8. O-O cxd4
9. cxd4 Be4 10. Nbd2 f5 11. a3 a6 12. b4 Be7 13. g3 b5 14. Nb3 g5 15. Ne1 g4
16. f3 gxf3 17. Nxf3 Qc7 18. Be3 Nf6 19. Nh2 Rg8 20. Kf2 O-O-O 21. Rc1 Kb7 22.
Na5+ Kb6 23. Rxc6+ 1-0

[Event "19. Torneo San Viator"]
[Site "Madrid ESP"]
[Date "2012.10.28"]
[Round "6.16"]
[White "Cazorla Munoz, Francisco"]
[Black "Gonzalez Reyes, Felix"]
[Result "1-0"]
[WhiteElo "1764"]
[BlackElo "1728"]
[PlyCount "63"]
[EventDate "2012.09.23"]
[EventType "swiss"]
[EventRounds "9"]
[EventCountry "ESP"]
[Source "lmi"]
[SourceDate "2012.09.23"]

1. e4 d5 2. exd5 Qxd5 3. Nc3 Qd8 4. Nf3 Nf6 5. Bc4 Bg4 6. d3 e6 7. h3 Bf5 8.
O-O c6 9. Re1 Bb4 10. a3 Be7 11. Ne2 Nbd7 12. Ned4 Bg6 13. Bxe6 O-O 14. Ba2 Re8
15. Ne2 Bd6 16. Bg5 Qc7 17. Qd2 Re7 18. Nf4 Bxf4 19. Bxf4 Rxe1+ 20. Rxe1 Qb6
21. b4 Re8 22. Rxe8+ Nxe8 23. Qe2 Qd8 24. Bg5 Nef6 25. Nh4 Qe8 26. Qd2 Qe5 27.
c3 b5 28. f4 Qd6 29. f5 h6 30. Bf4 Ne5 31. Nxg6 Nh5 32. Bxe5 1-0

[Event "19. Torneo San Viator"]
[Site "Madrid ESP"]
[Date "2012.10.28"]
[Round "6.18"]
[White "Sanchez Rodenas, Antonio"]
[Black "Garcia Rojas, Juan Carlos"]
[Result "1-0"]
[WhiteElo "1756"]
[BlackElo "1570"]
[PlyCount "59"]
[EventDate "2012.09.23"]
[EventType "swiss"]
[EventRounds "9"]
[EventCountry "ESP"]
[Source "lmi"]
[SourceDate "2012.09.23"]

1. d4 d5 2. c4 e6 3. Nf3 Nf6 4. Nc3 c6 5. Bg5 Be7 6. e3 Qb6 7. Qc2 O-O 8. c5
Qd8 9. Bd3 Nbd7 10. O-O g6 11. b4 b5 12. a4 a6 13. axb5 cxb5 14. Bxb5 Kh8 15.
Bd3 Ng8 16. Bxe7 Nxe7 17. b5 Nb8 18. Rfb1 Qc7 19. bxa6 Bxa6 20. Bxa6 Nxa6 21.
Qe2 Qc8 22. Rb6 Nc7 23. Rxa8 Nxa8 24. Ra6 Nc7 25. Rb6 Qa8 26. Qb2 f6 27. g3 Nc6
28. Rb7 Na6 29. Qb6 Nab4 30. Qc7 1-0

[Event "19. Torneo San Viator"]
[Site "Madrid ESP"]
[Date "2012.10.28"]
[Round "6.19"]
[White "Del Castillo Lopez, Rafael"]
[Black "Pindado Del Carmen, Eliseo"]
[Result "1/2-1/2"]
[WhiteElo "1729"]
[BlackElo "1556"]
[PlyCount "103"]
[EventDate "2012.09.23"]
[EventType "swiss"]
[EventRounds "9"]
[EventCountry "ESP"]
[Source "lmi"]
[SourceDate "2012.09.23"]

1. Nf3 Nf6 2. c4 g6 3. d4 Bg7 4. Nc3 O-O 5. e4 d6 6. Bd3 c5 7. d5 Nbd7 8. O-O
Ne8 9. Qc2 Ne5 10. Nxe5 Bxe5 11. Be3 f5 12. exf5 Bxf5 13. f4 Bxc3 14. Qxc3 Qd7
15. Rf2 Nf6 16. Qc2 Ng4 17. Rf3 Nxe3 18. Rxe3 Bxd3 19. Qxd3 Rxf4 20. Rf1 Raf8
21. Ref3 Rxf3 22. Rxf3 Rxf3 23. gxf3 e5 24. b3 Qf5 25. Qe4 Qg5+ 26. Kf2 Qf4 27.
Kg2 Kf7 28. Qe2 Kf6 29. Qf2 Qg5+ 30. Kh3 Qf5+ 31. Kg2 g5 32. h4 gxh4 33. Qxh4+
Qg5+ 34. Kh3 Qxh4+ 35. Kxh4 Kf5 36. Kg3 h5 37. Kh4 Kf4 38. Kxh5 Kxf3 39. Kg5 e4
40. Kf5 e3 41. Ke6 e2 42. Kxd6 b6 43. Kc7 e1=Q 44. d6 Qg3 45. Kc6 Qg6 46. Kc7
Qf7+ 47. d7 Ke3 48. Kc8 Qf5 49. Kc7 Qf7 50. Kc8 Qe6 51. Kc7 Qe7 52. Kc8 1/2-1/2

[Event "19. Torneo San Viator"]
[Site "Madrid ESP"]
[Date "2012.10.28"]
[Round "6.20"]
[White "Morona Minguez, Miguel"]
[Black "Perez Perez, Elena"]
[Result "1/2-1/2"]
[WhiteElo "1631"]
[BlackElo "1678"]
[PlyCount "44"]
[EventDate "2012.09.23"]
[EventType "swiss"]
[EventRounds "9"]
[EventCountry "ESP"]
[Source "lmi"]
[SourceDate "2012.09.23"]

1. e4 e5 2. Nf3 Nc6 3. Bb5 a6 4. Ba4 Nf6 5. c3 b5 6. Bc2 Bc5 7. O-O d6 8. d3
O-O 9. Bg5 h6 10. Bh4 Bg4 11. Nbd2 Qe7 12. Re1 Nd8 13. Nf1 Ne6 14. Ne3 Bxe3 15.
fxe3 g5 16. Bf2 Nc5 17. b4 Ncd7 18. Bb3 c6 19. h3 Bh5 20. Rc1 Rfc8 21. c4 Rab8
22. a3 Kg7 1/2-1/2

[Event "19. Torneo San Viator"]
[Site "Madrid ESP"]
[Date "2012.10.28"]
[Round "6.21"]
[White "Rodriguez Alonso, Marcos"]
[Black "Moreno Zamora, Gregorio"]
[Result "1-0"]
[WhiteElo "1596"]
[BlackElo "1724"]
[PlyCount "85"]
[EventDate "2012.09.23"]
[EventType "swiss"]
[EventRounds "9"]
[EventCountry "ESP"]
[Source "lmi"]
[SourceDate "2012.09.23"]

1. e4 c6 2. d4 d5 3. exd5 cxd5 4. Bd3 Nc6 5. c3 g6 6. Nf3 Qc7 7. Be3 Bg7 8. h3
Nh6 9. Nh4 e5 10. Qd2 Ng8 11. dxe5 Qxe5 12. Nf3 Qd6 13. O-O Nge7 14. Bf4 Qd8
15. Na3 a6 16. Nc2 O-O 17. Bh6 Nf5 18. Bxg7 Kxg7 19. Bxf5 Bxf5 20. Ncd4 Be4 21.
Ng5 Re8 22. Rfe1 h6 23. Nxc6 bxc6 24. Nxe4 dxe4 25. Qc2 f5 26. Rad1 Qc7 27. c4
Rad8 28. Qc3+ Kf7 29. Qe3 g5 30. Qc5 Kf6 31. Qa3 f4 32. Qc3+ Qe5 33. Qa3 a5 34.
Qa4 Qc5 35. Qc2 Rxd1 36. Rxd1 e3 37. fxe3 Rxe3 38. Kh1 Qe5 39. Qd2 Re2 40. Qd8+
Kg6 41. Qd3+ Kh5 42. Qf3+ Kh4 43. Qg4# 1-0